[Event "FIDE Chesscom Grand Swiss 2019"]
[Site "Douglas-Isle of Man"]
[Date "2019.10.20"]
[Round "10.22"]
[White "Ragger, Markus"]
[Black "Zhang, Zhong"]
[Result "1/2-1/2"]
[WhiteElo "2684"]
[BlackElo "2636"]
[Annotator "TA"]
[PlyCount "124"]
[EventDate "2019.10.10"]
[EventType "swiss"]
[EventCountry "GBR"]
[SourceTitle "playchess.com"]
[Source "ChessBase"]
[SourceQuality "1"]

{[%evp 11,124,25,35,17,23,2,13,23,20,0,79,79,75,78,89,0,17,7,6,18,14,0,5,0,61,51,61,61,60,50,60,60,52,20,42,50,83,83,87,86,91,89,77,70,187,186,169,179,243,204,288,290,735,300,302,310,305,310,343,344,316,305,276,274,321,293,302,71,71,71,71,71,71,71,71,71,71,71,71,71,71,71,71,71,71,71,76,71,71,71,71,71,71,71,71,71,71,71,71,71,71,71,71,71,71,71,71,71,71,71,71,71,71,0,71]} 1. d4 d5 2. c4 dxc4 3. e3 Nf6 4. Bxc4 e6 5. Nf3 c5 6. O-O Nc6 7. Nc3 {D26: Queen's Gambit Accepted: 4 e3 e6 5 Bxc5 c5 sidelines} a6 8. d5 (8. Re1 h6 9. d5 exd5 10. Nxd5 Ne4 11. Nc3 Nxc3 12. bxc3 Be7 13. Bd5 Bf6 14. Bxc6+ bxc6 15. Qxd8+ Kxd8 {½-½ (45) Giri,A (2780)-Xiong,J (2707) Khanty-Mansiysk 2019}) 8... exd5 9. Nxd5 Be7 $146 ({Predecessor:} 9... b5 10. Nxf6+ Qxf6 11. Bd5 Rb8 12. Bd2 Ne5 13. Nxe5 Qxe5 14. Bc3 Qc7 {1-0 (44) Yu,J-Erowan,M (2020) Kuala Lumpur 2008}) 10. e4 b5 (10... O-O $1 $11) 11. Nxf6+ $16 Bxf6 12. Bd5 Bb7 13. Ng5 ({White should try} 13. Be3 $16) 13... Bxg5 {[#]} 14. Qh5 $1 {[%csl Gd5,LRf7,LRg5][%cal Rh5f7][%mdl 576] Double Attack} O-O $1 {aiming for ...Bf6.} 15. Bxg5 Qc7 $1 16. Be3 c4 $1 17. b3 Na5 (17... c3 $11) 18. Rac1 $36 {[%mdl 2048] White has some pressure.} Bxd5 19. exd5 ({Of course not} 19. Qxd5 $6 Rfe8 $11) 19... Rac8 20. Bd2 Nb7 $1 {[%cal Ba5b7,Bb7c5,Bc5d3][%mdl 32]} 21. bxc4 bxc4 22. Bc3 {Black must now prevent Bxg7!} f6 23. Rfe1 Nc5 24. Bb4 Nd3 {And now ...Qb6 would win.} 25. Bxf8 Rxf8 26. d6 $1 {[%cal Rd6c7]} Qxd6 27. Rcd1 Qd4 {[#]} (27... f5 $14) 28. Qf5 $1 $18 g6 29. Re4 {Qe6+ is the strong threat.} Qa7 (29... Qb6 {was worth a try.} 30. Qd5+ Kh8) 30. Qd5+ Kg7 (30... Kh8 {keeps fighting.}) 31. Qxc4 ({Weaker is} 31. Rxc4 Qxf2+ 32. Kh1 Ne5 $16) 31... Qxf2+ 32. Kh1 Ne5 33. Qxa6 Rf7 34. a4 Ra7 35. Qb5 Qc2 36. Qb1 Qc6 37. Qb4 Rb7 {[#]} 38. Qe1 $1 Rb2 {intending ...Qc2.} 39. Re2 $2 (39. Rc1 $18 {is the precise move to win.} Qd6 40. Qe3) 39... Rxe2 $16 40. Qxe2 {Strongly threatening a5.} Qxa4 {[%mdl 4096] Endgame KQR-KQN} 41. Rc1 Qd7 42. h3 h5 43. Rb1 Qd5 44. Rd1 Qb3 45. Rc1 Qb6 46. Qe4 Qd6 47. Rb1 Nf7 48. Qc4 Qd7 49. Qc5 h4 50. Rb8 Qd1+ 51. Kh2 {Threatening mate with Qf8+.} Qd6+ 52. Qxd6 Nxd6 {KR-KN} 53. Kg1 g5 54. Kf2 Nf5 55. Kf3 Kg6 56. Ra8 Ng3 57. Ra2 Kf5 58. Ke3 Nh5 59. Ra5+ Kg6 60. Ke4 Ng3+ 61. Kf3 Nh5 62. Ke4 Ng3+ $1 {Accuracy: White = 69%, Black = 72%.} 1/2-1/2

[Event "FIDE Chesscom Grand Swiss 2019"]
[Site "Douglas-Isle of Man"]
[Date "2019.10.20"]
[Round "10.22"]
[White "Saduakassova, Dinara"]
[Black "Zvjaginsev, Vadim"]
[Result "1/2-1/2"]
[WhiteElo "2481"]
[BlackElo "2644"]
[Annotator "ChessBase"]
[PlyCount "132"]
[EventDate "2019.10.10"]
[EventType "swiss"]
[EventCountry "GBR"]
[SourceTitle "playchess.com"]
[Source "ChessBase"]
[SourceQuality "1"]
[TimeControl "40/6000+30:20/3000+30:900+30"]

1. d4 {[%emt 0:00:00]} e6 {[%emt 0:00:00]} 2. c4 {[%emt 0:00:00]} Bb4+ {[%emt 0:00:08]} 3. Bd2 {[%emt 0:00:03]} a5 {[%emt 0:00:07]} 4. g3 {[%emt 0:04:31]} d6 {[%emt 0:01:03]} 5. Nf3 {[%emt 0:01:08]} Nc6 {[%emt 0:00:35]} 6. Nc3 {[%emt 0:09:01]} e5 {[%emt 0:01:18]} 7. a3 {[%emt 0:04:30]} Bxc3 {[%emt 0:00:43]} 8. Bxc3 {[%emt 0:00:15]} Qe7 {[%emt 0:00:35]} 9. d5 {[%emt 0:06:49]} Nb8 {[%emt 0:00:35]} 10. b4 {[%emt 0:01:25]} Nf6 {[%emt 0:09:45]} 11. Bg2 {[%emt 0:06:57]} axb4 {[%emt 0:09:17]} 12. axb4 {[%emt 0:00:05]} Rxa1 {[%emt 0:00:04]} 13. Qxa1 {[%emt 0:04:32]} O-O {[%emt 0:03:22]} 14. O-O {[%emt 0:00:35]} b5 {[%emt 0:11:25]} 15. Nd2 {[%emt 0:01:55]} bxc4 {[%emt 0:04:10]} 16. Nxc4 {[%emt 0:04:16]} Ba6 {[%emt 0:03:59]} 17. Qa2 {[%emt 0:01:21]} c6 {[%emt 0:09:37]} 18. Ne3 {[%emt 0:04:17]} cxd5 {[%emt 0:01:08]} 19. Nxd5 {[%emt 0:00:59]} Nxd5 {[%emt 0:00:11]} 20. Bxd5 {[%emt 0:02:43]} Bb5 {[%emt 0:00:32]} 21. Rc1 {[%emt 0:06:46]} Nc6 {[%emt 0:08:50]} 22. Qd2 {[%emt 0:09:51]} Rd8 {[%emt 0:05:11]} 23. Bb2 {[%emt 0:06:33]} Qd7 {[%emt 0:04:41]} 24. Bb3 {[%emt 0:08:10]} h6 {[%emt 0:01:24]} 25. Bd5 {[%emt 0:02:44]} Ne7 {[%emt 0:02:05]} 26. Bg2 {[%emt 0:00:50]} f6 {[%emt 0:04:13]} 27. f4 {[%emt 0:06:23]} Qa7+ {[%emt 0:01:04]} 28. Kh1 {[%emt 0:01:11]} Qb6 {[%emt 0:01:00]} 29. Bf3 {[%emt 0:02:53]} Kh8 {[%emt 0:05:51]} 30. Qc3 {[%emt 0:04:30]} Rc8 {[%emt 0:01:27]} 31. Qd2 {[%emt 0:01:43]} Rxc1+ {[%emt 0:01:41]} 32. Qxc1 {[%emt 0:00:32]} Bc6 {[%emt 0:00:46]} 33. fxe5 {[%emt 0:01:43]} fxe5 {[%emt 0:03:27]} 34. Qe1 {[%emt 0:04:43]} Nd5 {[%emt 0:05:33]} 35. Ba3 {[%emt 0:02:05]} Ne3 {[%emt 0:01:48]} 36. Qg1 {[%emt 0:00:40]} Bxf3+ {[%emt 0:04:46]} 37. exf3 {[%emt 0:00:04]} Qb5 {[%emt 0:01:21]} 38. Qxe3 {[%emt 0:01:20]} Qf1+ {[%emt 0:00:06]} 39. Qg1 {[%emt 0:00:01]} Qxf3+ {[%emt 0:00:10]} 40. Qg2 {[%emt 0:00:01]} Qxa3 {[%emt 0:01:03]} 41. Qe4 {[%emt 0:51:07]} Qa2 {[%emt 0:06:21]} 42. Kg1 {[%emt 0:00:00]} Kg8 {[%emt 0:04:46]} 43. b5 {[%emt 0:00:00]} Qa1+ {[%emt 0:01:21]} 44. Kf2 {[%emt 0:00:00]} Qb2+ {[%emt 0:00:15]} 45. Qe2 {[%emt 0:00:00]} Qb3 {[%emt 0:02:11]} 46. Qg4 {[%emt 0:00:00]} Qc2+ {[%emt 0:03:23]} 47. Kg1 {[%emt 0:00:00]} Qc5+ {[%emt 0:04:06]} 48. Kg2 {[%emt 0:00:00]} Qd5+ {[%emt 0:03:37]} 49. Kh3 {[%emt 0:00:00]} Qxb5 {[%emt 0:02:27]} 50. Qe6+ {[%emt 0:00:00]} Kf8 {[%emt 0:00:12]} 51. Qxd6+ {[%emt 0:00:00]} Kf7 {[%emt 0:00:06]} 52. Kg4 {[%emt 0:00:00]} g6 {[%emt 0:07:38]} 53. Kf3 {[%emt 0:00:00]} Qb7+ {[%emt 0:02:55]} 54. Ke3 {[%emt 0:00:00]} Qe7 {[%emt 0:00:14]} 55. Qd5+ {[%emt 0:00:00]} Kf6 {[%emt 0:01:16]} 56. Qf3+ {[%emt 0:00:00]} Kg7 {[%emt 0:01:30]} 57. Qc6 {[%emt 0:00:00]} Qg5+ {[%emt 0:08:58]} 58. Ke4 {[%emt 0:00:00]} Qf5+ {[%emt 0:00:25]} 59. Ke3 {[%emt 0:00:00]} Qg5+ {[%emt 0:00:09]} 60. Ke4 {[%emt 0:00:00]} Qf5+ {[%emt 0:00:10]} 61. Ke3 {[%emt 0:04:41]} h5 {[%emt 0:18:10]} 62. Qd6 {[%emt 0:07:36]} Kh6 {[%emt 0:04:32]} 63. h4 {[%emt 0:00:36]} Kg7 {[%emt 0:01:40]} 64. Qe7+ {[%emt 0:00:07]} Kh6 {[%emt 0:00:16]} 65. Qd6 {[%emt 0:00:04]} Kg7 {[%emt 0:00:04]} 66. Qe7+ {[%emt 0:00:04] e4 Kxe4+} Kh6 {[%emt 0:01:16] Ke4 Kg7+} 1/2-1/2

[Event "FIDE Chesscom Grand Swiss 2019"]
[Site "Douglas-Isle of Man"]
[Date "2019.10.20"]
[Round "10.23"]
[White "Korobov, Anton"]
[Black "Moiseenko, Alexander"]
[Result "1/2-1/2"]
[WhiteElo "2679"]
[BlackElo "2635"]
[Annotator "TA"]
[PlyCount "40"]
[EventDate "2019.10.10"]
[EventType "swiss"]
[EventCountry "GBR"]
[SourceTitle "playchess.com"]
[Source "ChessBase"]
[SourceQuality "1"]

{[%evp 14,40,18,27,23,9,11,0,15,0,0,-4,0,0,0,0,0,0,0,0,0,0,0,0,0,0,0,0,0]} 1. d4 Nf6 2. c4 e6 3. Nf3 d5 4. Nc3 Bb4 5. Bg5 h6 6. Bxf6 Qxf6 7. Qa4+ Nc6 8. e3 O-O {D38: Queen's Gambit Declined: Ragozin Defence (4 Nf3 Bb4)} 9. Rd1 (9. Rc1 Rd8 10. Be2 dxc4 11. Bxc4 Bxc3+ 12. bxc3 Bd7 13. Be2 e5 14. Qc2 Bf5 15. Qb2 e4 16. Nd2 {1-0 (47) Ding,L (2805)-Giri,A (2779) Saint Louis 2019}) 9... Rd8 {The position is equal.} 10. Qb3 Qg6 11. h3 dxc4 12. Bxc4 Qxg2 $146 ({Predecessor:} 12... Bxc3+ 13. Qxc3 Bd7 14. Bd3 Qh5 15. a3 Qa5 16. b4 {1-0 (61) Esipenko,A (2593)-Leko,P (2669) Moscow 2018}) 13. Ke2 {Strongly threatening Rdg1.} Qg6 $1 14. d5 exd5 15. Nxd5 Bf8 16. Rhg1 Qf5 $1 17. Nh4 Qh5+ $1 ({Avoid the trap} 17... Qxh3 $2 18. Nf4 $1 $18 {[%mdl 512]}) 18. Nf3 {Hoping for Nf6+.} Qf5 19. Nh4 Qh5+ ({But not} 19... Qxh3 $2 {[#]} 20. Nf4 $1 $18 {[%mdl 512]}) 20. Nf3 {Threatens to win with Nf6+.} Qf5 1/2-1/2

[Event "FIDE Chesscom Grand Swiss 2019"]
[Site "Douglas-Isle of Man"]
[Date "2019.10.20"]
[Round "10.23"]
[White "Volokitin, Andrei"]
[Black "Erenberg, Ariel"]
[Result "1-0"]
[WhiteElo "2627"]
[BlackElo "2463"]
[Annotator "TA"]
[PlyCount "89"]
[EventDate "2019.10.10"]
[EventType "swiss"]
[EventCountry "GBR"]
[SourceTitle "playchess.com"]
[Source "ChessBase"]
[SourceQuality "1"]

{[%evp 22,89,33,19,36,-22,38,37,47,34,34,37,27,29,42,49,49,31,34,38,85,76,82,74,127,129,137,145,142,143,164,162,154,136,197,195,229,229,223,219,212,225,176,164,164,164,245,231,310,295,329,282,350,350,328,328,689,689,688,652,714,657,841,833,833,822,807,804,783,775]} 1. e4 e5 2. Nf3 Nc6 3. Bb5 a6 4. Ba4 Nf6 5. O-O Be7 6. Re1 b5 7. Bb3 d6 8. c3 O-O 9. h3 Nb8 10. d4 Nbd7 11. c4 c6 12. Nc3 b4 {C95: Closed Ruy Lopez: Breyer Variation with 10 d4} 13. Ne2 (13. Na4 $14) 13... c5 (13... Nxe4 $11 14. Nf4 Nxf2 15. Kxf2 exf4) 14. dxe5 $14 Nxe5 {[#] White is slightly better.} 15. Nxe5 $146 ({Predecessor:} 15. Nf4 Nfd7 16. Nd5 Bb7 17. Nxe5 Nxe5 18. f4 Nc6 19. Ba4 Bh4 20. Rf1 {½-½ (43) Boruchovsky,A (2536)-Adams,M (2742) Douglas 2015}) 15... dxe5 16. Ng3 a5 17. Nf5 Bxf5 18. Qxd8 Rfxd8 19. exf5 a4 20. Bc2 e4 21. g4 h6 22. Be3 Bd6 (22... Re8 $142) 23. Rad1 $16 Be5 24. Rxd8+ Rxd8 25. Bxa4 Bxb2 26. Bxc5 Rc8 27. Bd6 ({Much worse is} 27. Bxb4 $6 Rxc4 28. a3 Bxa3 $11) 27... Rxc4 (27... Bc3 $16 {was necessary.} 28. Rc1 Rxc4) 28. Bb3 $18 Rc3 29. Be5 Rc1 ({Of course not} 29... Rxb3 $6 30. Bxf6 Bc3 31. axb3) 30. Rxc1 Bxc1 {[%mdl 4096] Endgame KBB-KBN} 31. Bd6 h5 32. g5 Bxg5 33. Bxb4 Nd7 (33... e3 {might work better.} 34. a4 Ne4) 34. a4 {[%cal Ba2a4,Ba4a5][%mdl 32]} e3 35. a5 Nb8 36. Bd5 Na6 37. Bc3 Nc5 38. Kf1 Kh7 $2 (38... exf2 39. Bd4 Na6) 39. Bd4 {White is clearly winning.} Be7 40. fxe3 f6 {[#]} 41. Bb7 $1 {[%mdl 512]} g6 (41... Nxb7 42. a6) 42. a6 Nxa6 43. fxg6+ Kxg6 44. Bxa6 Kg5 45. Kg2 {Accuracy: White = 87%, Black = 18%.} 1-0

[Event "FIDE Chesscom Grand Swiss 2019"]
[Site "Douglas-Isle of Man"]
[Date "2019.10.20"]
[Round "10.24"]
[White "Mareco, Sandro"]
[Black "Sasikiran, Krishnan"]
[Result "1/2-1/2"]
[WhiteElo "2634"]
[BlackElo "2675"]
[Annotator "TA"]
[PlyCount "156"]
[EventDate "2019.10.10"]
[EventType "swiss"]
[EventCountry "GBR"]
[SourceTitle "playchess.com"]
[Source "ChessBase"]
[SourceQuality "1"]

{[%evp 16,156,30,22,22,0,14,0,20,0,24,0,0,0,49,12,33,16,23,16,21,13,20,10,13,0,0,-2,-4,-6,5,21,6,28,41,33,34,33,25,29,30,11,16,16,21,20,48,0,39,21,80,79,79,79,79,79,80,80,80,80,80,80,80,79,79,79,79,79,79,79,80,80,80,52,77,71,92,92,92,92,92,92,92,92,92,92,92,92,92,92,92,92,95,95,95,95,95,95,95,95,95,95,95,95,95,95,95,95,124,124,124,124,124,124,124,47,47,8,8,0,13,13,61,61,61,61,61,61,46,0,0,0,0,0,0,0,0,0,0,0,0,0,0]} 1. d4 d5 2. c4 c6 3. Nf3 Nf6 4. Nc3 e6 5. Bg5 h6 6. Bxf6 Qxf6 7. Qb3 dxc4 8. Qxc4 Nd7 9. e3 g6 {D43: Semi-Slav: 5 Bg5 h6} (9... Qe7 10. Be2 g6 11. Ne5 Bg7 12. f4 O-O 13. Ne4 Nb6 14. Qb3 Nd5 15. O-O Qb4 16. Qxb4 Nxb4 17. Rfc1 {½-½ (50) Aronian,L (2805)-Fedoseev,V (2718) Riadh 2017}) 10. Be2 Bg7 11. O-O O-O 12. Rfd1 Qe7 13. Ne4 Rd8 14. Qc2 {[#]} Nf6 $146 ({Predecessor:} 14... f5 15. Nc3 e5 16. d5 e4 17. Nd4 {1-0 (65) Ipatov,A (2625)-Cheparinov,I (2681) Baku 2015}) 15. Ned2 Nd5 16. Rac1 Bd7 17. Ne5 Be8 18. a3 Rac8 19. Nd3 b6 20. b4 a5 21. Rb1 axb4 22. axb4 Ra8 23. Rdc1 e5 24. dxe5 Bxe5 25. Nxe5 Qxe5 26. Nf3 Qf6 27. Bc4 Ra3 28. Rd1 Rda8 29. Bxd5 cxd5 30. b5 $36 {[%mdl 2048] Black is under pressure.} Ra2 31. Qd3 Bd7 {aiming for ...Bf5.} 32. Qxd5 Bg4 (32... Bf5 $1 $11 33. Rbc1 Qb2) 33. h3 Bxf3 34. Qxf3 Qxf3 35. gxf3 $16 {[%mdl 4096] Endgame KRR-KRR} Rc2 36. Rd6 Raa2 {[#]} 37. Rf1 $1 ({Reject} 37. Rxb6 Rxf2 38. Ra6 Rg2+ 39. Kh1 Rh2+ 40. Kg1 Rhg2+ 41. Kh1 Rh2+ 42. Kg1 Rhg2+ $11) 37... Rab2 38. Rxb6 Rc5 39. Rb8+ Kg7 40. b6 Rg5+ 41. Kh2 Rgb5 42. f4 Rxb6 43. Rxb6 Rxb6 {KR-KR} 44. Rc1 Rb2 45. Kg3 Rb5 46. e4 Ra5 47. f3 Rb5 48. Rc7 Ra5 49. Kg4 Rb5 50. Rd7 Rb1 51. Kg3 Rg1+ 52. Kf2 Rh1 53. Kg2 Ra1 54. Rd5 Kf6 55. h4 h5 56. Rb5 Rc1 57. f5 gxf5 58. Rxf5+ {[%mdl 64] [#] Double Attack} Kg6 59. Rg5+ Kh6 60. Rd5 Ra1 61. Kg3 Rh1 62. Rd6+ Kg7 63. e5 Kh7 64. Rf6 Kg7 65. Rf5 ({White should try} 65. Rb6 $16) 65... Kg6 $14 66. Rg5+ Kh6 67. f4 Ra1 68. Kf3 Ra4 69. Rg8 Kh7 $1 {[%cal Rh7g8]} 70. Rg1 Kh6 71. Ke3 Rb4 72. f5 {Strongly threatening f6.} Rxh4 {The position is equal.} 73. f6 {Hoping for e6!} Rg4 74. Rxg4 hxg4 75. Kf4 g3 $1 {[%cal Rg3g2]} 76. Kxg3 {Kg4 would kill now.} Kg5 77. e6 Kxf6 78. exf7 Kxf7 {Accuracy: White = 69%, Black = 67%.} 1/2-1/2

[Event "FIDE Chesscom Grand Swiss 2019"]
[Site "Douglas-Isle of Man"]
[Date "2019.10.20"]
[Round "10.24"]
[White "Keymer, Vincent"]
[Black "Huschenbeth, Niclas"]
[Result "1/2-1/2"]
[WhiteElo "2506"]
[BlackElo "2624"]
[Annotator "TA"]
[PlyCount "129"]
[EventDate "2019.10.10"]
[EventType "swiss"]
[EventCountry "GBR"]
[SourceTitle "playchess.com"]
[Source "ChessBase"]
[SourceQuality "1"]

{[%evp 9,129,0,0,0,0,0,2,0,10,14,19,13,6,9,17,15,33,14,27,0,0,0,0,-12,0,0,0,0,0,0,0,-21,-21,-43,0,0,0,-6,0,-36,0,0,3,-23,0,-22,-5,-28,0,0,25,41,73,20,13,0,0,0,46,-87,311,94,142,142,144,148,141,156,149,143,144,129,152,9,9,9,9,9,9,9,9,9,9,2,2,2,9,9,9,9,9,9,9,9,9,9,9,0,0,0,0,0,0,0,0,0,142,0,0,0,0,0,0,0,0,0,0,0,0,0,0,0]} 1. Nf3 d5 2. e3 Nf6 3. c4 e6 4. Nc3 b6 5. cxd5 exd5 6. g3 $146 {A17: English Opening: 1...Nf6 with ...Bb4} ({Predecessor:} 6. Bb5+ c6 7. Be2 Bd6 8. O-O O-O 9. b3 Bb7 10. Bb2 Nbd7 11. Rc1 Re8 12. Re1 Rc8 {1-0 (69) Dubov,D (2696)-Wei,Y (2734) Liaocheng 2018}) 6... Bd6 7. Bg2 O-O 8. O-O Bb7 9. b3 Nbd7 10. Bb2 Re8 11. Rc1 a6 12. Re1 b5 13. d4 Ne4 14. Nxe4 (14. Re2 {is more complex.} c6 15. Ne1 f5 16. Rec2 Qe7 17. Nd3) 14... dxe4 15. Ne5 Bd5 {[%cal Rd7e5]} 16. Nc6 Qg5 17. Qd2 Bxc6 18. Rxc6 Qd5 19. Rc2 a5 20. Bc3 b4 21. Bb2 h5 22. Qe2 Nf6 23. Qc4 Qf5 24. d5 Nxd5 (24... h4 $5) 25. Rd1 Nb6 26. Qd4 {[%csl Gb2][%cal Rd4g7]} (26. Qc6 {feels hotter.} Re6 27. Qb7 a4 28. bxa4 h4 29. Bd4) 26... Qg6 (26... Qg4 {keeps more tension.} 27. h3 Qg6 28. Rc6 Rad8 29. h4 a4) 27. Rc6 {[%cal Rc6d6]} Rad8 28. h4 Kh7 29. Qd2 Qg4 {Hoping for ...Bxg3.} 30. Qc2 Qe6 31. Rd4 ({Better is} 31. a4 $16) 31... f5 $11 32. Qe2 g6 33. Qc2 Nd7 34. Bf1 (34. Rxc7 $14 {stays ahead.} Bxc7 35. Qxc7) 34... Qe7 $2 {[%mdl 8192]} (34... Ne5 $17 {keeps the pressure on.} 35. Rxc7+ Kh6) 35. Bb5 $2 (35. Rxc7 $18 {and the rest is easy. Black must now prevent Rb7.} Bxc7 36. Qxc7) 35... Ne5 {[#]} 36. Rdxd6 $1 {[%mdl 512]} Rxd6 {[#]} (36... cxd6 37. Rc7) 37. Bxe5 $1 Qxe5 38. Rxd6 cxd6 39. Bxe8 Qxe8 $16 {[%mdl 4096] Endgame KQ-KQ} 40. Qc7+ {[%mdl 64] Double Attack} Kh6 41. Qxd6 (41. Qxa5 $16 Qb8 42. Qd5) 41... Qb5 $11 42. Qf8+ Kh7 43. Qf7+ Kh6 44. Qg8 {[%cal Rg8h8]} Qe5 45. Kg2 Qg7 46. Qb8 Kh7 47. Qd6 Qb7 48. Qc5 Qa6 49. Qd5 Kg7 50. Qd7+ Kg8 51. Qe8+ Kg7 52. Qe7+ Kg8 53. g4 fxg4 ({Much weaker is} 53... hxg4 $6 {[#]} 54. h5 $1 $16 {[%mdl 512]}) 54. Qxe4 Qf6 55. Qd5+ Kg7 56. Qxa5 Qxh4 57. Qxb4 Qh3+ $1 58. Kg1 {Strongly threatening Qe7+.} g3 $1 {The position is equal.} 59. Qe7+ Kh6 {( -> ...Qh2+)} 60. Qf8+ Kh7 {Threatens to win with ...Qh2+.} 61. Qf7+ Kh8 {aiming for ...Qh2+.} 62. Qf3 gxf2+ 63. Kxf2 Qh2+ 64. Qg2 Qd6 65. Qa8+ {Accuracy: White = 51%, Black = 64%.} 1/2-1/2

[Event "FIDE Chesscom Grand Swiss 2019"]
[Site "Douglas-Isle of Man"]
[Date "2019.10.20"]
[Round "10.25"]
[White "Tari, Aryan"]
[Black "Cheparinov, Ivan"]
[Result "1/2-1/2"]
[WhiteElo "2630"]
[BlackElo "2670"]
[Annotator "TA"]
[PlyCount "111"]
[EventDate "2019.10.10"]
[EventType "swiss"]
[EventCountry "GBR"]
[SourceTitle "playchess.com"]
[Source "ChessBase"]
[SourceQuality "1"]

{[%evp 15,111,22,0,0,0,-16,0,-13,-19,-34,-31,-27,-36,-37,-33,-19,-26,-21,-15,-65,-40,-50,-59,-64,-40,-64,-15,-36,-39,-42,-32,-29,-35,-34,-32,-30,-46,-71,-7,-7,-7,-7,0,0,0,0,0,0,0,0,0,0,0,0,0,0,0,0,0,0,0,0,0,0,0,0,0,-6,-6,-6,0,-6,0,0,0,0,0,0,2,0,0,0,0,0,0,0,0,0,0,0,0,0,0,0,0,0,0,0]} 1. e4 c5 2. Nf3 d6 3. d4 cxd4 4. Nxd4 Nf6 5. Nc3 Nc6 6. g3 Bd7 7. Bg2 g6 8. Nde2 Bg7 9. O-O {B70: Sicilian Dragon: 6 g3 and 6 Be2 (without a later Be3)} h5 (9... O-O 10. h3 a6 11. Be3 Rc8 12. Nd5 Nxd5 13. exd5 Na5 14. Bd4 Bxd4 15. Nxd4 Qb6 16. b3 Qc5 17. Re1 Rfe8 18. Qd2 Qc3 19. Rad1 Qxd2 20. Rxd2 {0-1 (40) Van Foreest,J (2614)-Guseinov,G (2664) Skopje 2018}) 10. h4 Ne5 11. b3 $146 ({Predecessor:} 11. Nf4 Rc8 12. Nfd5 Nxd5 13. Nxd5 e6 14. Ne3 Qb6 15. Rb1 O-O 16. b3 Bb5 {1-0 (28) Henriquez Villagra,C (2361)-Lozano Ramirez,N (2110) Bogota 2013}) 11... b5 {[%cal Bb7b5,Bb5b4][%mdl 32]} 12. Nd4 b4 13. Nd5 Nxd5 14. exd5 Qb6 15. Bb2 O-O 16. Qd2 Rac8 17. Kh1 Rc5 18. a3 a5 19. axb4 axb4 20. Ra2 Rfc8 21. Rfa1 Ng4 $1 {White must now prevent ...Rc3.} 22. Ra6 $1 {[%cal Ra6b6] [#]} Rxc2 $1 {[%mdl 512]} 23. Nxc2 (23. Qxc2 Rxc2) 23... Qxf2 24. Qxf2 Nxf2+ 25. Kg1 {And now Bxg7 would win.} Bxb2 26. Nxb4 Bd4 (26... Bxa1 $17 27. Rxa1 Ng4) 27. Nc6 $132 {[%mdl 2048] The position is equal. White is fighting back} Bxc6 $1 28. Rxc6 Rb8 29. Rb1 Ne4+ 30. Kh2 Nd2 31. Rd1 Nxb3 32. Rc4 Bf6 33. Rb1 Rb7 34. Be4 Kg7 35. Bc2 Nd2 36. Rxb7 Nxc4 {[%mdl 4096] Endgame KRB-KBN} 37. Kh3 Ne3 38. Be4 Ng4 {[#] Hoping for ...Nf2+.} 39. Kg2 (39. Bf3 {keeps more tension.} Ne3 40. Be4) 39... Nh6 40. Kf3 Ng8 41. Rb8 Be5 42. Re8 Bf6 43. Rb8 Nh6 44. Rb7 g5 45. hxg5 Bxg5 46. Rb1 Ng4 47. Ke2 Nf6 48. Bf3 Kg6 49. Rb8 Kg7 50. Rb4 Kg6 51. Rb8 h4 52. gxh4 Bxh4 53. Rb7 e6 54. dxe6 fxe6 55. Rb6 Bg3 56. Bb7 {Accuracy: White = 51%, Black = 80%.} 1/2-1/2